2024 Female Gymnasts (Mostly USA) - Statistics

General Stats
  • This quiz has been taken 16 times
  • The average score is 9 of 16
Answer Stats
Picture Answer % Correct
Simone Biles
100%
Sunisa Lee
93%
Jordan Chiles
87%
Jade Carey
80%
Hezly Rivera
73%
Leanne Wong
67%
Joscelyn Roberson
60%
Kayla DiCello
60%
Rebeca Andrade
60%
Dulcy Caylor
47%
Ellie Black
47%
Tiana Sumanasekera
40%
Simone Rose
33%
Kaliya Lincoln
13%
Evita Griskenas
7%
Eveylynn Lowe
0%
No matching quizzes found
Score Distribution
Percent of People with Each Score
Percentile by Number Answered
Your Score History
You have not taken this quiz